Songs Weird Al Did Polkas Of 🪗 - Statistics

General Stats
  • This quiz has been taken 24 times
  • The average score is 53 of 127
Answer Stats
Artist Song Title % Correct
Lady Gaga Poker Face
87%
Queen Bohemian Rhapsody
78%
System of a Down Chop Suey!
74%
Vanilla Ice Ice Ice Baby
74%
Berlin Sex (I'm A...)
74%
Justin Bieber ft. Ludacris Baby
70%
Metallica Enter Sandman
70%
The Backstreet Boys Everybody (Backstreet's Back)
70%
Beck Loser
70%
Deep Purple Smoke on the Water
70%
Kesha Tik Tok
70%
Miley Cyrus Wrecking Ball
70%
Green Day Basket Case
65%
Gotye ft. Kimbra Somebody That I Used to Know
65%
The Spice Girls Wannabe
65%
Soundgarden Black Hole Sun
61%
Carly Rae Jepsen Call Me Maybe
61%
Psy Gangnam Style
61%
Katy Perry I Kissed a Girl
61%
The B-52’s Love Shack
61%
Foster the People Pumped Up Kicks
61%
Eminem The Real Slim Shady
61%
Britney Spears Womanizer
61%
Semisonic Closing Time
57%
Gorillaz ft. De La Soul Feel Good Inc.
57%
Owl City Fireflies
57%
Daft Punk ft. Pharrell Williams Get Lucky
57%
The Beatles Hey Jude
57%
Papa Roach Last Resort
57%
R.E.M. Losing My Religion
57%
The Clash Should I Stay or Should I Go
57%
Chumbawamba Tubthumping
57%
Smash Mouth Walkin' on the Sun
57%
Sheryl Crow All I Wanna Do
52%
Billy Idol Cradle of Love
52%
The Pussycat Dolls ft. Busta Rhymes Don't Cha
52%
Mötley Crüe Dr. Feelgood
52%
Kanye West ft. Jamie Foxx Gold Digger
52%
LMFAO Sexy and I Know It
52%
Franz Ferdinand Take Me Out
52%
Macklemore & Ryan Lewis ft. Wanz Thrift Shop
52%
Pitbull ft. Kesha Timber
52%
Alanis Morissette You Oughta Know
52%
One Direction Best Song Ever
48%
The Smashing Pumpkins Bullet with Butterfly Wings
48%
Nine Inch Nails Closer
48%
Jay Sean ft. Lil Wayne Down
48%
The Police Every Breath You Take
48%
Hanson MMMBop
48%
Rihanna Pon de Replay
48%
Tears for Fears Shout
48%
Weezer Beverly Hills
43%
Snoop Dogg ft. Pharrell Williams Drop It Like It's Hot
43%
The Beastie Boys Intergalactic
43%
Madonna Ray of Light
43%
Iyaz Replay
43%
will.i.am ft. Britney Spears Scream & Shout
43%
The Killers Somebody Told Me
43%
Nena 99 Luftballons
39%
Jamie Foxx ft. T-Pain Blame It
39%
50 Cent featuring Olivia Candy Shop
39%
Bell Biv DeVoe Do Me!
39%
Kenny Loggins Footloose
39%
Black Eyed Peas Let's Get It Started
39%
Technotronic Pump Up the Jam
39%
Third Eye Blind Semi-Charmed Life
39%
Pink So What
39%
EMF Unbelievable
39%
P.O.D. Youth of the Nation
39%
Taio Cruz ft. Ludacris Break Your Heart
35%
Warrant Cherry Pie
35%
Modest Mouse Float On
35%
Pras ft. Ol' Dirty Bastard & Mýa Ghetto Supastar (That Is What You Are)
35%
Jimi Hendrix Hey Joe
35%
Iron Butterfly In-A-Gadda-Da-Vida
35%
Janet Jackson Miss You Much
35%
Red Hot Chili Peppers My Friends
35%
The Who My Generation
35%
Rage Against the Machine Renegades of Funk
35%
Peter Gabriel Sledgehammer
35%
Digital Underground The Humpty Dance
35%
Twisted Sister We're Not Gonna Take It
35%
Kid Cudi Day 'n' Nite
30%
Disturbed Down with the Sickness
30%
Foreigner Hot Blooded
30%
Divinyls I Touch Myself
30%
The Rolling Stones Jumpin' Jack Flash
30%
The Strokes Last Nite
30%
Limp Bizkit My Way
30%
Janet Jackson Nasty
30%
Yes Owner of a Lonely Heart
30%
Madonna Papa Don’t Preach
30%
Matchbox Twenty Push
30%
Marcy Playground Sex and Candy
30%
Coldplay Speed of Sound
30%
Marilyn Manson The Dope Show
30%
Tina Turner What's Love Got to Do with It
30%
Kid Rock Bawitdaba
26%
Talking Heads Burning Down the House
26%
The White Stripes Fell in Love with a Girl
26%
The Vines Get Free
26%
The Hives Hate to Say I Told You So
26%
The Doors L.A. Woman
26%
Lady Antebellum Need You Now
26%
Frankie Goes to Hollywood Relax
26%
Flo Rida ft. Ke$ha Right Round
26%
ZZ Top Sharp Dressed Man
26%
R.E.M. Bang and Blame
22%
Harvey Danger Flagpole Sitta
22%
Eddie Murphy Party All the Time
22%
Falco Rock Me Amadeus
22%
Stone Temple Pilots Sex Type Thing
22%
The Jacksons & Mick Jagger State of Shock
22%
DNA ft. Suzanne Vega Tom’s Diner
22%
Quiet Riot Bang Your Head (Metal Health)
17%
Aretha Franklin Freeway of Love
17%
Devo Jocko Homo
17%
Hall & Oates Method of Modern Love
17%
Staind Outside
17%
Phil Collins Sussudio
17%
Bananarama Venus
17%
Foo Fighters I'll Stick Around
13%
Lionel Richie Say You, Say Me
13%
Velvet Revolver Slither
9%
Duran Duran The Reflex
9%
INXS What You Need
9%
The Rolling Stones Harlem Shuffle
4%
No matching quizzes found
Score Distribution
Percent of People with Each Score
Percentile by Number Answered
Your Score History
You have not taken this quiz